Catalog

Record Details

Catalog Search



A painted house : a novel  Cover Image Book Book

A painted house : a novel / by John Grisham.

Grisham, John. (Author).

Summary:

"The hill people and the Mexicans arrived on the same day. It was a Wednesday, early in September 1952. The Cardinals were five games behind the Dodgers with three weeks to go, and the season looked hopeless. The cotton, however, was waist-high to my father, over my head, and he and my grandfather could be heard before supper whispering words that were seldom heard. It could be a 'good crop'." Thus begins from author John Grisham, a story inspired by his own childhood in rural Arkansas. The narrator is a farm boy named Luke Chandler, age seven, who lives in the cotton fields with his parents and grandparents in a little house that's never been painted. The Chandlers farm eighty acres that they rent, not own, and when the cotton is ready they hire a truckload of Mexicans and a family from the Ozarks to help harvest it. For six weeks they pick cotton, battling the heat, the rain, the fatigue, and, sometimes, each other. As the weeks pass Luke sees and hears things no seven-year-old could possibly be prepared for, and finds himself keeping secrets that not only threaten the crop but will change the lives of the Chandlers forever. This is a moving story of one boy's journey from innocence to experience..

Record details

  • ISBN: 038550120X
  • ISBN: 9780385501200
  • ISBN: 0385501218
  • ISBN: 9780385501217
  • ISBN: 0613494512
  • ISBN: 9780613494519
  • Physical Description: 294 pages ; 22 cm.
  • Edition: [Book club edition].
  • Publisher: New York : Doubleday, ©2001.
Subject: Boys > Arkansas > Fiction.
Cotton growing > Arkansas > Fiction.
Tenant farmers > Arkansas > Fiction.
Mexican American migrant agricultural laborers > Arkansas > Fiction.
Migrant agricultural laborers > Ozark Mountains > Fiction.
Baseball stories.
Children's secrets > Fiction.
Arkansas > Fiction
Genre: Detective and mystery fiction.
Bildungsromans.
Fiction.

Available copies

  • 0 of 1 copy available at scottsboropl.

Holds

  • 0 current holds with 1 total copy.
Show Only Available Copies
Location Call Number / Copy Notes Barcode Shelving Location Status Due Date
scottsboropl F Gri 32269000636822 Adult - Fiction Checked out 04/27/2026

LDR 01497nam a2200397Ia 4500
001147593
003SBPL
00520221013200049.0
008010223s2001 nyu e 000 1 eng d
020 . ‡a038550120X ‡q(hardcover)
020 . ‡a9780385501200 ‡q(hardcover)
020 . ‡a0385501218 ‡q(lim. ed.)
020 . ‡a9780385501217 ‡q(lim. ed.)
020 . ‡a0613494512
020 . ‡a9780613494519
035 . ‡a(CONS)147593
035 . ‡a(CPomAG)LMN607106
05014. ‡aPS3557.R5355 ‡bP3 2001c
08204. ‡a813.54 ‡bG887ai ‡221
1001 . ‡aGrisham, John.
24512. ‡aA painted house : ‡ba novel / ‡cby John Grisham.
250 . ‡a[Book club edition].
260 . ‡aNew York : ‡bDoubleday, ‡c©2001.
300 . ‡a294 pages ; ‡c22 cm.
336 . ‡atext ‡btxt ‡2rdacontent
337 . ‡aunmediated ‡bn ‡2rdamedia
338 . ‡avolume ‡bnc ‡2rdacarrier
520 . ‡a"The hill people and the Mexicans arrived on the same day. It was a Wednesday, early in September 1952. The Cardinals were five games behind the Dodgers with three weeks to go, and the season looked hopeless. The cotton, however, was waist-high to my father, over my head, and he and my grandfather could be heard before supper whispering words that were seldom heard. It could be a 'good crop'." Thus begins from author John Grisham, a story inspired by his own childhood in rural Arkansas. The narrator is a farm boy named Luke Chandler, age seven, who lives in the cotton fields with his parents and grandparents in a little house that's never been painted. The Chandlers farm eighty acres that they rent, not own, and when the cotton is ready they hire a truckload of Mexicans and a family from the Ozarks to help harvest it. For six weeks they pick cotton, battling the heat, the rain, the fatigue, and, sometimes, each other. As the weeks pass Luke sees and hears things no seven-year-old could possibly be prepared for, and finds himself keeping secrets that not only threaten the crop but will change the lives of the Chandlers forever. This is a moving story of one boy's journey from innocence to experience..
650 0. ‡aBoys ‡zArkansas ‡vFiction.
650 0. ‡aCotton growing ‡zArkansas ‡vFiction.
650 0. ‡aTenant farmers ‡zArkansas ‡vFiction.
650 0. ‡aMexican American migrant agricultural laborers ‡zArkansas ‡vFiction.
650 0. ‡aMigrant agricultural laborers ‡zOzark Mountains ‡vFiction.
650 0. ‡aBaseball stories.
650 0. ‡aChildren's secrets ‡vFiction.
651 0. ‡aArkansas ‡vFiction
655 7. ‡aDetective and mystery fiction. ‡2lcgft
655 7. ‡aBildungsromans. ‡2lcgft
655 7. ‡aFiction. ‡2lcgft
901 . ‡a147593 ‡bUnknown ‡c147593 ‡tbiblio

Additional Resources